| 000 | 02068nam a2200193 a 4500 | ||
|---|---|---|---|
| 003 | PILC | ||
| 005 | 20250911155330.0 | ||
| 008 | 041227s1974 xx 00 eng d | ||
| 010 | _aAcc#2274 | ||
| 040 | _cPhilippine Baptist Theological Seminary | ||
| 050 |
_aBV 283 .M7 _bH737 1974 |
||
| 100 | 1 | 0 |
_aHolmes, Marjorie _eAuthor |
| 245 | 1 | 0 |
_aAs tall as my heart : _ba mother's measure of love / _cMarjorie Holmes. |
| 264 |
_aNew York, NY : _bBantam, _c©1974. |
||
| 300 | _a120 p. : 23 cm. | ||
| 505 | _aHow tall am I, mother? -- Parenthood is now! -- The secret world -- Baby viking -- Attaboy, God! -- The first loose tooth -- Never never land -- Little brother and big dolls -- It takes so little to please a child -- Her heart in her eyes -- The zoo, a child's paradise -- Enough stars to go around -- Don't hurry! -- The playground -- Maternal magic -- Four-leaf clover -- "Who goes trip-trap over my bridge?" -- the kickoff can wait -- Curiosity bundle -- The artist in every child -- Safe harbor -- When can he go fishing? -- Children's built-in metronomes -- "Let's eat on the way" -- You may lead a child to culture but -- The wonder of watching a train -- Children and solitude -- Swing into outer space -- The world's most loving listerners -- The perfect gift-a day alone -- Mother, cowardly lion -- Going to church with children -- The sentimental mother -- The farm -- A night out with mom -- The growing things -- When love brims over -- The skating rink -- Cozy is the cabin -- Those wonderful teens -- Plant, believe, and dream -- Long arms-and big laps -- Summer winds up like a ribbon -- Only a little gray kitten -- Getting the kids to help -- Every child can be beautiful -- Rising to the occasion -- No boy scots tonight -- Your children's friends -- The family clipping bureau -- When it's too late for spilled milk -- Envy the childless? -- Gum at the wedding -- The sound of children -- No matter what you call her | ||
| 650 |
_aMOTHERS _xPRAYER-BOOKS AND DEVOTIONS _xENGLISH |
||
| 942 |
_cCB _2lcc |
||
| 999 |
_c899 _d899 |
||